| 000 | 00631nam a2200217 i 4500 | ||
|---|---|---|---|
| 001 | C2-0108368 | ||
| 003 | PPAK | ||
| 005 | 20180727102513.0 | ||
| 008 | 970619s my |||| ||||| | may d | ||
| 040 |
_aPPAK _beng _cPPAK _erda |
||
| 082 | 0 | 4 |
_a899.232 _223 |
| 090 | 0 | 0 |
_a899.232 _bAZI _dKK |
| 100 | 0 |
_aAzizi Haji Abdullah, _d1942-2011 _eauthor |
|
| 245 | 1 | 0 | _aSeorang maulana |
| 264 | 1 |
_a[Kuala Lumpur] : _b[Radio Televisyen Malaysia] , _c[date of publication not identified] |
|
| 300 |
_a21 pages ; _c30 cm |
||
| 336 |
_2rdacontent _atext |
||
| 337 |
_2rdamedia _aunmediated |
||
| 338 |
_2rdacarrier _avolume |
||
| 942 |
_ddc _cB |
||
| 999 |
_c26678 _d26678 |
||